<?xml version="1.0" encoding="UTF-8"?>
<collection xmlns="http://www.loc.gov/MARC21/slim">
 <record>
  <leader>01414nam a22002297a 4500</leader>
  <controlfield tag="001">NCT_55260</controlfield>
  <controlfield tag="008">181109b        xxu||||| |||| 00| 0 vie d</controlfield>
  <datafield tag="999" ind1=" " ind2=" ">
   <subfield code="c">2660</subfield>
   <subfield code="d">2660</subfield>
  </datafield>
  <datafield tag="020" ind1=" " ind2=" ">
   <subfield code="c">80000</subfield>
  </datafield>
  <datafield tag="082" ind1="0" ind2="4">
   <subfield code="2">23rd ed.</subfield>
   <subfield code="a">495.9223</subfield>
   <subfield code="b">Đ305H</subfield>
  </datafield>
  <datafield tag="245" ind1="0" ind2="0">
   <subfield code="a">Điển hay tích lạ trong văn học nhà trường</subfield>
   <subfield code="c">Đinh Thái Dương, Chu Huy, Nguyễn Hữu Sơn (sưu tầm và biên soạn)</subfield>
  </datafield>
  <datafield tag="260" ind1=" " ind2=" ">
   <subfield code="a">H.</subfield>
   <subfield code="b">Giáo dục Việt Nam</subfield>
   <subfield code="c">2012</subfield>
  </datafield>
  <datafield tag="300" ind1=" " ind2=" ">
   <subfield code="a">527 tr.</subfield>
   <subfield code="c">21cm</subfield>
  </datafield>
  <datafield tag="520" ind1="3" ind2=" ">
   <subfield code="a">Sách giới thiệu, giải thích nguồn xuất xứ, nội dung, tích truyện của điển tích bằng một văn phong thích hợp sẽ giúp cho giáo viên, học sinh nhớ lâu và ấn tượng với tác phẩm văn chương.</subfield>
  </datafield>
  <datafield tag="653" ind1=" " ind2=" ">
   <subfield code="a">Sách tham khảo</subfield>
  </datafield>
  <datafield tag="700" ind1="1" ind2=" ">
   <subfield code="a">Đinh Thái Dương</subfield>
   <subfield code="e">sưu tầm và biên soạn</subfield>
  </datafield>
  <datafield tag="700" ind1="1" ind2=" ">
   <subfield code="a">Chu Huy</subfield>
   <subfield code="e">sưu tầm và biên soạn</subfield>
  </datafield>
  <datafield tag="700" ind1="1" ind2=" ">
   <subfield code="a">Nguyễn Hữu Sơn</subfield>
   <subfield code="e">sưu tầm và biên soạn</subfield>
  </datafield>
  <datafield tag="942" ind1=" " ind2=" ">
   <subfield code="2">ddc</subfield>
   <subfield code="c">BK</subfield>
  </datafield>
  <datafield tag="952" ind1=" " ind2=" ">
   <subfield code="0">0</subfield>
   <subfield code="1">0</subfield>
   <subfield code="2">ddc</subfield>
   <subfield code="4">0</subfield>
   <subfield code="6">495_922300000000000_Đ305H</subfield>
   <subfield code="7">0</subfield>
   <subfield code="9">14862</subfield>
   <subfield code="a">000001</subfield>
   <subfield code="b">000001</subfield>
   <subfield code="d">2018-11-09</subfield>
   <subfield code="o">495.9223 Đ305H</subfield>
   <subfield code="p">MD.09591</subfield>
   <subfield code="r">2018-11-09</subfield>
   <subfield code="v">80000.00</subfield>
   <subfield code="w">2018-11-09</subfield>
   <subfield code="y">BK</subfield>
  </datafield>
  <datafield tag="952" ind1=" " ind2=" ">
   <subfield code="0">0</subfield>
   <subfield code="1">0</subfield>
   <subfield code="2">ddc</subfield>
   <subfield code="4">0</subfield>
   <subfield code="6">495_922300000000000_Đ305H</subfield>
   <subfield code="7">0</subfield>
   <subfield code="9">14863</subfield>
   <subfield code="a">000001</subfield>
   <subfield code="b">000001</subfield>
   <subfield code="d">2018-11-09</subfield>
   <subfield code="o">495.9223 Đ305H</subfield>
   <subfield code="p">MD.09592</subfield>
   <subfield code="r">2019-09-05</subfield>
   <subfield code="v">80000.00</subfield>
   <subfield code="w">2018-11-09</subfield>
   <subfield code="y">BK</subfield>
  </datafield>
  <datafield tag="980" ind1=" " ind2=" ">
   <subfield code="a">Thư viện Trường Đại học Nam Cần Thơ</subfield>
  </datafield>
 </record>
</collection>
